<?xml version="1.0" encoding="UTF-8"?>
<record
    xmlns:xsi="http://www.w3.org/2001/XMLSchema-instance"
    xsi:schemaLocation="http://www.loc.gov/MARC21/slim http://www.loc.gov/standards/marcxml/schema/MARC21slim.xsd"
    xmlns="http://www.loc.gov/MARC21/slim">

  <leader>00506nam a2200169Ia 4500</leader>
  <controlfield tag="003">OSt</controlfield>
  <controlfield tag="005">20210908125337.0</controlfield>
  <controlfield tag="008">190216s9999||||xx |||||||||||||| ||und||</controlfield>
  <datafield tag="040" ind1=" " ind2=" ">
    <subfield code="c">oclc</subfield>
  </datafield>
  <datafield tag="082" ind1=" " ind2=" ">
    <subfield code="a">892.7</subfield>
    <subfield code="b">ALK/M</subfield>
  </datafield>
  <datafield tag="100" ind1=" " ind2=" ">
    <subfield code="a">Al Khasimi, Abdul Gafoor Abdullah</subfield>
    <subfield code="9">8718</subfield>
  </datafield>
  <datafield tag="245" ind1=" " ind2="0">
    <subfield code="a">Al Muslimuna Fi Kerala /</subfield>
    <subfield code="c">Abdul Gafoor Abdullah Al Khasimi</subfield>
  </datafield>
  <datafield tag="260" ind1=" " ind2=" ">
    <subfield code="b">Al Huda Book Stall,</subfield>
    <subfield code="c">2000.</subfield>
    <subfield code="a">Calicut:</subfield>
  </datafield>
  <datafield tag="300" ind1=" " ind2=" ">
    <subfield code="a">205p</subfield>
  </datafield>
  <datafield tag="650" ind1=" " ind2=" ">
    <subfield code="a">Arabic</subfield>
  </datafield>
  <datafield tag="942" ind1=" " ind2=" ">
    <subfield code="c">BK</subfield>
    <subfield code="2">ddc</subfield>
    <subfield code="h">892.7</subfield>
    <subfield code="i">ALK/M</subfield>
    <subfield code="k">892.7</subfield>
    <subfield code="m">ALK/M</subfield>
  </datafield>
  <datafield tag="952" ind1=" " ind2=" ">
    <subfield code="0">0</subfield>
    <subfield code="1">0</subfield>
    <subfield code="2">ddc</subfield>
    <subfield code="4">0</subfield>
    <subfield code="7">0</subfield>
    <subfield code="8">LIT</subfield>
    <subfield code="a">MES</subfield>
    <subfield code="b">MES</subfield>
    <subfield code="c">ARB</subfield>
    <subfield code="d">2019-02-20</subfield>
    <subfield code="g">45.00</subfield>
    <subfield code="l">0</subfield>
    <subfield code="o">892.7 ALK/M</subfield>
    <subfield code="p">25113</subfield>
    <subfield code="r">2019-02-20 00:00:00</subfield>
    <subfield code="t">1</subfield>
    <subfield code="w">2019-02-20</subfield>
    <subfield code="y">BK</subfield>
    <subfield code="z">GR4R4</subfield>
  </datafield>
  <datafield tag="952" ind1=" " ind2=" ">
    <subfield code="0">0</subfield>
    <subfield code="1">0</subfield>
    <subfield code="2">ddc</subfield>
    <subfield code="4">0</subfield>
    <subfield code="7">0</subfield>
    <subfield code="8">LIT</subfield>
    <subfield code="a">MES</subfield>
    <subfield code="b">MES</subfield>
    <subfield code="c">ARB</subfield>
    <subfield code="d">2019-02-20</subfield>
    <subfield code="g">130.00</subfield>
    <subfield code="l">0</subfield>
    <subfield code="o">892.7 ALK/M</subfield>
    <subfield code="p">35918</subfield>
    <subfield code="r">2019-02-20 00:00:00</subfield>
    <subfield code="t">2</subfield>
    <subfield code="w">2019-02-20</subfield>
    <subfield code="y">BK</subfield>
    <subfield code="z">GR4R4</subfield>
  </datafield>
  <datafield tag="999" ind1=" " ind2=" ">
    <subfield code="c">843</subfield>
    <subfield code="d">843</subfield>
  </datafield>
</record>
